[Event "SR 5. liga SE-SI 2018/2019"]
[Site "?"]
[Date "2018.11.03"]
[Round "2.1"]
[White "Drozd, Jan"]
[Black "Holiencin, Filip"]
[Result "1/2-1/2"]
[WhiteElo "1521"]
[BlackElo "1710"]
[PlyCount "68"]
[EventDate "2018.??.??"]
[WhiteTeam "CVÄŒ Senica D"]
[BlackTeam "Å achovÃ½ klub HolÃ­Ä� C"]

1. e4 c5 2. Nc3 d6 3. g3 Nc6 4. Bg2 Nf6 5. d3 e6 6. f4 Be7 7. Nf3 O-O 8. O-O
Rb8 9. Be3 b5 10. e5 Nd5 11. Nxd5 exd5 12. d4 dxe5 13. fxe5 c4 14. c3 Qa5 15.
a3 Be6 16. Bg5 Qc7 17. Qd2 a5 18. Bxe7 Qxe7 19. Ng5 h6 20. Nf3 Rb6 21. Ne1 Rfb8
22. Nc2 b4 23. axb4 axb4 24. Qe1 bxc3 25. bxc3 Rb2 26. Ne3 Qd7 27. Rf2 Ne7 28.
Rxb2 Rxb2 29. Qc1 Qb5 30. Nc2 Rb3 31. Nb4 Bf5 32. Bf3 Kh7 33. Bd1 Rxb4 34. cxb4
Qxb4 1/2-1/2

[Event "SR 5. liga SE-SI 2018/2019"]
[Site "?"]
[Date "2018.11.03"]
[Round "2.1"]
[White "Svrcek, Daniel"]
[Black "Kaufman, Robert"]
[Result "0-1"]
[WhiteElo "1323"]
[BlackElo "1355"]
[PlyCount "58"]
[EventDate "2018.??.??"]
[WhiteTeam "Å achovÃ½ klub HolÃ­Ä� C"]
[BlackTeam "CVÄŒ Senica D"]

1. e4 e5 2. Nf3 Nc6 3. Bb5 a6 4. Ba4 Nf6 5. d3 Bc5 6. O-O d6 7. c3 O-O 8. Bg5
b5 9. Bb3 Bg4 10. h3 Bh5 11. Bxf6 Qxf6 12. Bd5 Ne7 13. Bxa8 Rxa8 14. Nbd2 Qf4
15. Kh1 Rf8 16. Qe2 f5 17. exf5 Nxf5 18. Qe4 Qh6 19. g4 Bg6 20. Kh2 Ne3 21. Qb7
Nxf1+ 22. Rxf1 Qf4+ 23. Kg2 Kh8 24. Qd5 c6 25. Qxc6 Bxd3 26. Re1 Bxf2 27. Kxf2
Qxd2+ 28. Kg3 Qf4+ 29. Kg2 e4 0-1

[Event "SR 5. liga SE-SI 2018/2019"]
[Site "?"]
[Date "2018.11.03"]
[Round "2.1"]
[White "Bazovsky, Max"]
[Black "Horak, Viliam"]
[Result "0-1"]
[WhiteElo "1314"]
[BlackElo "1182"]
[PlyCount "68"]
[EventDate "2018.??.??"]
[WhiteTeam "CVÄŒ Senica D"]
[BlackTeam "Å achovÃ½ klub HolÃ­Ä� C"]

1. d4 d5 2. e3 e6 3. Bd3 c5 4. c3 Nf6 5. Nd2 Nbd7 6. f4 Bd6 7. Ngf3 O-O 8. O-O
Be7 9. Ne5 Nxe5 10. fxe5 Nd7 11. Rf3 f6 12. Rh3 h6 13. Qg4 f5 14. Qg6 Bg5 15.
Qxe6+ Rf7 16. Qxd5 Nf8 17. Qxc5 Be6 18. b4 b6 19. Qb5 Rc8 20. c4 f4 21. Rf3
fxe3 22. Rxf7 exd2 23. Rxg7+ Kxg7 24. Bb2 Bg4 25. Bc2 Be3+ 26. Kh1 Bxd4 27. Rb1
Bxb2 28. Qa4 Bc1 29. h3 Be2 30. Bd1 Qh4 31. Qxa7+ Kg8 32. Qb7 Rd8 33. Rb3 Bxd1
34. Re3 Qe1+ 0-1

[Event "SR 5. liga SE-SI 2018/2019"]
[Site "?"]
[Date "2018.11.03"]
[Round "2.1"]
[White "Sefcik, Oliver"]
[Black "Kaufman, Roman"]
[Result "1-0"]
[WhiteElo "1139"]
[BlackElo "1000"]
[PlyCount "59"]
[EventDate "2018.??.??"]
[WhiteTeam "Å achovÃ½ klub HolÃ­Ä� C"]
[BlackTeam "CVÄŒ Senica D"]

1. b3 d6 2. Bb2 e5 3. d4 e4 4. d5 c6 5. c4 Nf6 6. Nc3 c5 7. e3 Nbd7 8. Qc2 Qe7
9. g3 g6 10. Bg2 Bh6 11. Nxe4 O-O 12. Ne2 Re8 13. N2c3 Ne5 14. Nxf6+ Qxf6 15.
Ne4 Qe7 16. O-O Bf5 17. Qc3 Bg7 18. f4 Nf3+ 19. Rxf3 Bxc3 20. Nxc3 Bg4 21. Rf2
Qxe3 22. Nb5 Re7 23. Nxd6 Rd8 24. Be5 Rf8 25. Ne4 f6 26. Nxf6+ Kf7 27. Nxg4 Qd3
28. Re1 h5 29. Be4 Rxe5 30. Nxe5+ 1-0

[Event "SR 5. liga SE-SI 2018/2019"]
[Site "?"]
[Date "2018.11.03"]
[Round "2.1"]
[White "Kaufmanova, Karin"]
[Black "Matula, Tomas"]
[Result "0-1"]
[WhiteElo "1000"]
[BlackElo "1000"]
[PlyCount "100"]
[EventDate "2018.??.??"]
[WhiteTeam "CVÄŒ Senica D"]
[BlackTeam "Å achovÃ½ klub HolÃ­Ä� C"]

1. e4 g6 2. d4 Bg7 3. Nf3 Nf6 4. Nc3 O-O 5. Be2 d6 6. Bg5 Nc6 7. O-O e5 8. Nd5
Be6 9. Nxf6+ Bxf6 10. Bh6 Re8 11. Qd2 Kh8 12. Ng5 Qe7 13. Qe3 Nb4 14. Rac1 Nxa2
15. Ra1 Nb4 16. c3 Nc2 17. Qg3 Nxa1 18. Nxe6 Qxe6 19. Rxa1 Bg7 20. Bxg7+ Kxg7
21. Bg4 Qb3 22. Rb1 Qc2 23. Rd1 Re6 24. Qf3 Rf6 25. Qh3 Qxf2+ 26. Kh1 Rf4 27.
g3 Rf6 28. Rg1 Qxb2 29. Rg2 Rf2 30. Rxf2 Qxf2 31. Qg2 Qe1+ 32. Qg1 Qxc3 33. Qd1
a5 34. Bh3 a4 35. Qf3 a3 36. g4 a2 37. g5 Qb2 38. Qf6+ Kf8 39. Qh8+ Ke7 40.
Qf6+ Ke8 41. Qh8+ Ke7 42. Qf6+ Kf8 43. Qh8+ Ke7 44. Qf6+ Ke8 45. Qh8+ Ke7 46.
Qf6+ Kf8 47. Qh8+ Ke7 48. Qxa8 a1=R+ 49. Qxa1 Qxa1+ 50. Kg2 b5 0-1

[Event "SR 5. liga SE-SI 2018/2019"]
[Site "?"]
[Date "2018.11.03"]
[Round "2.2"]
[White "Nemeckay, Rastislav"]
[Black "Kanka, Tomas"]
[Result "1-0"]
[WhiteElo "1964"]
[BlackElo "1720"]
[PlyCount "51"]
[EventDate "2018.??.??"]
[WhiteTeam "Interchess ZÅ  BorskÃ½ MikulÃ¡Å¡"]
[BlackTeam "Å K Nafta Gbely D"]

1. e4 c5 2. Nf3 Nc6 3. Bb5 Qc7 4. c3 e5 5. O-O Nge7 6. d4 cxd4 7. cxd4 exd4 8.
Nxd4 g6 9. Be3 Bg7 10. Nc3 O-O 11. Rc1 a6 12. Ba4 b5 13. Bb3 Bb7 14. Nd5 Qe5
15. Nxe7+ Qxe7 16. Nxc6 Bxc6 17. Bc5 Qxe4 18. f3 Qh4 19. Bxf8 Be5 20. f4 Bxf4
21. Rxf4 Qxf4 22. Bd6 Qe3+ 23. Kh1 Re8 24. Qf1 Kh8 25. Qf6+ Kg8 26. Bxf7# 1-0

[Event "SR 5. liga SE-SI 2018/2019"]
[Site "?"]
[Date "2018.11.03"]
[Round "2.2"]
[White "Ralbovsky, Milan"]
[Black "Visvader, Kristof"]
[Result "0-1"]
[WhiteElo "1386"]
[BlackElo "1320"]
[PlyCount "66"]
[EventDate "2018.??.??"]
[WhiteTeam "Å K Nafta Gbely D"]
[BlackTeam "Interchess ZÅ  BorskÃ½ MikulÃ¡Å¡"]

1. e4 e5 2. Qh5 Nc6 3. Bc4 Qe7 4. d3 Nf6 5. Qf3 Nd4 6. Qd1 g6 7. Nc3 Bg7 8. a3
d6 9. Bg5 O-O 10. Nd5 Qd8 11. Nf3 Ne6 12. Qd2 Nxg5 13. Qxg5 h6 14. Qe3 Nxd5 15.
Bxd5 c6 16. Bb3 Qe7 17. O-O-O a5 18. c4 Be6 19. g4 a4 20. Bc2 b5 21. Nd2 Rfb8
22. f4 exf4 23. Qxf4 bxc4 24. Nxc4 Bxc4 25. dxc4 Bxb2+ 26. Kd2 g5 27. Qf5 Be5
28. Rb1 Bf4+ 29. Kd3 Qa7 30. Rxb8+ Rxb8 31. Re1 Qf2 32. Qa5 Qf3+ 33. Kd4 Be5+
0-1

[Event "SR 5. liga SE-SI 2018/2019"]
[Site "?"]
[Date "2018.11.03"]
[Round "2.2"]
[White "Nemeckay, Dominik"]
[Black "Hyza, Richard"]
[Result "1-0"]
[WhiteElo "1480"]
[BlackElo "1303"]
[PlyCount "47"]
[EventDate "2018.??.??"]
[WhiteTeam "Interchess ZÅ  BorskÃ½ MikulÃ¡Å¡"]
[BlackTeam "Å K Nafta Gbely D"]

1. e4 e5 2. Nf3 Nc6 3. Bc4 Nf6 4. d3 Bc5 5. Bg5 d6 6. Nbd2 Be6 7. Bb5 O-O 8. c3
a6 9. Ba4 Ba7 10. Nf1 Qe7 11. h3 Nb8 12. Ng3 Nbd7 13. Bxd7 Bxd7 14. Nh5 Kh8 15.
Nxf6 gxf6 16. Bh6 Rg8 17. Nh4 f5 18. Qh5 Qf6 19. exf5 c6 20. g4 Qe7 21. f3 Bb6
22. g5 f6 23. g6 hxg6 24. Nxg6+ 1-0

[Event "SR 5. liga SE-SI 2018/2019"]
[Site "?"]
[Date "2018.11.03"]
[Round "2.2"]
[White "Ralbovsky, Dominik"]
[Black "Visvader, Rudolf"]
[Result "1-0"]
[WhiteElo "1089"]
[BlackElo "1324"]
[PlyCount "125"]
[EventDate "2018.??.??"]
[WhiteTeam "Å K Nafta Gbely D"]
[BlackTeam "Interchess ZÅ  BorskÃ½ MikulÃ¡Å¡"]

1. e4 c5 2. Bc4 Nc6 3. Nf3 d6 4. Nc3 h6 5. d3 Nf6 6. Nd5 e5 7. c3 Be6 8. Qb3
Rb8 9. Ne3 Bxc4 10. Qxc4 b5 11. Qb3 a5 12. a4 b4 13. Qc4 Be7 14. Nf5 Bf8 15. h3
g6 16. Ne3 Bg7 17. Bd2 O-O 18. Nd5 Nxd5 19. Qxd5 Qd7 20. Rb1 Kh7 21. O-O Ne7
22. Qa2 f5 23. Nh2 Qc6 24. f3 d5 25. cxb4 cxb4 26. Qb3 Qb6+ 27. Kh1 Rbd8 28.
Rfe1 fxe4 29. dxe4 dxe4 30. Be3 Qb7 31. fxe4 Nc6 32. Rbd1 Nd4 33. Bxd4 exd4 34.
Nf3 Rfe8 35. e5 Qa7 36. Qc4 Qb6 37. Rxd4 Rxd4 38. Qxd4 Qxd4 39. Nxd4 Bxe5 40.
Nc6 Kg7 41. Rxe5 Rc8 42. Nxa5 Kf6 43. Rb5 Ra8 44. b3 g5 45. Nc4 Rd8 46. Rxb4
Kf5 47. Ne3+ Ke5 48. Ng4+ Ke6 49. a5 h5 50. Nf2 Rd5 51. Ra4 Kd7 52. Ne4 Kc6 53.
Rc4+ Kb7 54. Nc5+ Ka7 55. b4 Rd1+ 56. Kh2 Rb1 57. Ne4 Ka6 58. Nxg5 Kb5 59. Rf4
Rb3 60. Nf3 Ka4 61. Kg3 Kb5 62. Kh4 Kc6 63. Nd4+ 1-0

[Event "SR 5. liga SE-SI 2018/2019"]
[Site "?"]
[Date "2018.11.03"]
[Round "2.3"]
[White "Jarabek, Milan"]
[Black "Wallner, Juraj"]
[Result "1-0"]
[WhiteElo "1764"]
[BlackElo "1568"]
[PlyCount "51"]
[EventDate "2018.??.??"]
[WhiteTeam "Å K Skalica D"]
[BlackTeam "Å K Å tefanov B"]

1. d4 d5 2. c4 e6 3. Nc3 Nc6 4. Nf3 Nf6 5. Bg5 dxc4 6. e3 h6 7. Bh4 Be7 8. Bxc4
a6 9. O-O O-O 10. Rc1 Nd5 11. Bxe7 Ndxe7 12. a3 Ng6 13. Bd3 Nce7 14. Bb1 Rb8
15. Qc2 f5 16. Ne5 Nxe5 17. dxe5 Ng6 18. f4 Qe7 19. Ne2 c6 20. Nd4 Bd7 21. Ba2
Rfe8 22. Nxf5 Qd8 23. Nxh6+ gxh6 24. Qxg6+ Kh8 25. Qxh6+ Kg8 26. Rf3 1-0

[Event "SR 5. liga SE-SI 2018/2019"]
[Site "?"]
[Date "2018.11.03"]
[Round "2.3"]
[White "Novomeska, Karin"]
[Black "Tutkova, Ludmila"]
[Result "1-0"]
[WhiteElo "1203"]
[BlackElo "1201"]
[PlyCount "69"]
[EventDate "2018.??.??"]
[WhiteTeam "Å K Å tefanov B"]
[BlackTeam "Å K Skalica D"]

1. e4 e5 2. Nf3 Nc6 3. Bb5 d6 4. Bxc6+ bxc6 5. d4 Bg4 6. dxe5 dxe5 7. Qxd8+
Rxd8 8. Nbd2 Bd6 9. b3 Nf6 10. Bb2 Bxf3 11. Nxf3 Nxe4 12. Bxe5 Bb4+ 13. Ke2 O-O
14. Rad1 Rxd1 15. Rxd1 Re8 16. Kf1 h6 17. Rd4 Nd2+ 18. Nxd2 Bxd2 19. Rxd2 Rxe5
20. Rd8+ Kh7 21. Rd7 Rc5 22. c4 Rh5 23. h3 f6 24. Rxc7 a5 25. Rxc6 Re5 26. a3
Kg6 27. b4 a4 28. b5 Kh5 29. b6 g5 30. b7 f5 31. b8=Q Re4 32. g4+ fxg4 33.
hxg4+ Rxg4 34. Qe8+ Kh4 35. Rxh6# 1-0

[Event "SR 5. liga SE-SI 2018/2019"]
[Site "?"]
[Date "2018.11.03"]
[Round "2.3"]
[White "Londinova, Jasmina Marie"]
[Black "Tomasovic, Pavol"]
[Result "1-0"]
[WhiteElo "1243"]
[BlackElo "1290"]
[PlyCount "59"]
[EventDate "2018.??.??"]
[WhiteTeam "Å K Skalica D"]
[BlackTeam "Å K Å tefanov B"]

1. e4 d6 2. d4 Nf6 3. Nc3 g6 4. Be3 Bg7 5. h3 O-O 6. Nf3 Nbd7 7. Bd3 c5 8. e5
Ne8 9. exd6 exd6 10. Qd2 Qb6 11. Na4 Qc6 12. Nc3 cxd4 13. Nxd4 Nc5 14. Nxc6
bxc6 15. Bh6 a5 16. Bxg7 Nxg7 17. O-O f5 18. Bc4+ Kh8 19. Qxd6 Nce6 20. Rad1
Bb7 21. Bxe6 Nxe6 22. Qxe6 Rae8 23. Qc4 c5 24. Qxc5 h5 25. Rfe1 Rc8 26. Qe5+
Kh7 27. Rd7+ Kh6 28. Qf4+ g5 29. Re6+ Rf6 30. Rxf6# 1-0

[Event "SR 5. liga SE-SI 2018/2019"]
[Site "?"]
[Date "2018.11.03"]
[Round "2.3"]
[White "Novomesky, Roman"]
[Black "Tutka, Stepan"]
[Result "1-0"]
[WhiteElo "1000"]
[BlackElo "1081"]
[PlyCount "55"]
[EventDate "2018.??.??"]
[WhiteTeam "Å K Å tefanov B"]
[BlackTeam "Å K Skalica D"]

1. d4 d5 2. c4 Nf6 3. Nc3 Nc6 4. Nf3 Bf5 5. Bg5 h6 6. Bxf6 gxf6 7. cxd5 Nb4 8.
Qa4+ Qd7 9. Qxb4 O-O-O 10. Rc1 e5 11. Qb5 c6 12. Na4 Kb8 13. dxc6 Qc7 14. e3
Be4 15. Qxb7+ Qxb7 16. cxb7 Bxb7 17. Be2 f5 18. Nxe5 Rh7 19. Nc6+ Bxc6 20. Rxc6
Bb4+ 21. Nc3 h5 22. a3 Ba5 23. f4 Rg7 24. Kf2 Rh8 25. Rc1 Rhg8 26. Bf3 h4 27.
h3 Ka8 28. Rc8# 1-0

[Event "SR 5. liga SE-SI 2018/2019"]
[Site "?"]
[Date "2018.11.03"]
[Round "2.4"]
[White "Hrdlicka, Martin"]
[Black "Jakubec, Milan"]
[Result "0-1"]
[WhiteElo "1492"]
[BlackElo "2028"]
[PlyCount "88"]
[EventDate "2018.??.??"]
[WhiteTeam "CVÄŒ Senica C"]
[BlackTeam "Å O Spartak Myjava"]

1. e4 e5 2. Nf3 Nf6 3. Nxe5 d6 4. Nf3 Nxe4 5. d3 Nf6 6. Nc3 Be7 7. Be2 O-O 8.
Be3 d5 9. d4 Ne4 10. Nxe4 dxe4 11. Nd2 f5 12. Bc4+ Kh8 13. g3 Nd7 14. Qe2 Nb6
15. Bb3 Nd5 16. O-O-O a5 17. f3 exf3 18. Nxf3 a4 19. Bxd5 Qxd5 20. c4 Qd8 21.
Ne5 Bf6 22. Bf4 g5 23. Bd2 Qe7 24. Qh5 Bxe5 25. dxe5 a3 26. Bc3 axb2+ 27. Bxb2
Be6 28. h4 Ra4 29. hxg5 Rxc4+ 30. Kb1 f4 31. g4 f3 32. g6 Rxg4 33. Qxg4 Bxg4
34. e6+ Kg8 35. gxh7+ Qxh7+ 36. Rxh7 Kxh7 37. Rd7+ Kg6 38. Rg7+ Kh5 39. e7 Re8
40. Rh7+ Kg5 41. Rf7 Bf5+ 42. Kc1 f2 43. Bf6+ Kg6 44. Rf8 f1=Q+ 0-1

[Event "SR 5. liga SE-SI 2018/2019"]
[Site "?"]
[Date "2018.11.03"]
[Round "2.4"]
[White "Valent, Tomas"]
[Black "Knapek, Adrian"]
[Result "0-1"]
[WhiteElo "1226"]
[BlackElo "1437"]
[PlyCount "68"]
[EventDate "2018.??.??"]
[WhiteTeam "CVÄŒ Senica C"]
[BlackTeam "Å O Spartak Myjava"]

1. e4 e5 2. Nf3 Nc6 3. Bb5 d6 4. c3 h6 5. d4 Bd7 6. O-O a6 7. Ba4 b5 8. Bb3 Bg4
9. Bd5 Qd7 10. dxe5 dxe5 11. c4 Nf6 12. cxb5 Bxf3 13. Bxc6 Bxd1 14. Bxd7+ Nxd7
15. Rxd1 axb5 16. Nc3 b4 17. Nd5 Bd6 18. Bd2 Rb8 19. Rdc1 Rb7 20. a4 bxa3 21.
bxa3 Nc5 22. Rcb1 Rxb1+ 23. Rxb1 O-O 24. Nc3 Ra8 25. Bc1 Nd3 26. Nb5 Rb8 27. a4
c6 28. Nc3 Rxb1 29. Nxb1 Nxc1 30. a5 Ne2+ 31. Kf1 Nd4 32. a6 Nb5 33. Nc3 Bc5
34. Na4 Bd4 0-1

[Event "SR 5. liga SE-SI 2018/2019"]
[Site "?"]
[Date "2018.11.03"]
[Round "2.4"]
[White "Belak, Michal"]
[Black "Barancik, Filip"]
[Result "1-0"]
[WhiteElo "1000"]
[BlackElo "1000"]
[PlyCount "73"]
[EventDate "2018.??.??"]
[WhiteTeam "Å O Spartak Myjava"]
[BlackTeam "CVÄŒ Senica C"]

1. e4 e6 2. d4 d5 3. e5 c5 4. Nf3 Qb6 5. c3 Nc6 6. Be2 Nge7 7. O-O Nf5 8. b3
cxd4 9. cxd4 Ncxd4 10. Nxd4 Nxd4 11. Be3 Bc5 12. Nd2 O-O 13. Nf3 Nxf3+ 14. Bxf3
Bxe3 15. fxe3 Qxe3+ 16. Kh1 Qxe5 17. Be2 b6 18. Rc1 Bb7 19. Bd3 f5 20. Rc2 Rf6
21. Qc1 Rf7 22. Re1 Qd6 23. Rce2 Rc8 24. Qd2 Rf6 25. Re3 Rh6 26. Rh3 Rxh3 27.
gxh3 d4+ 28. Kg1 Rf8 29. Bc4 Rf6 30. Qe2 Rg6+ 31. Kf1 Qc6 32. Bxe6+ Kf8 33. Bd5
Qd7 34. Bxb7 f4 35. Bg2 Kf7 36. Qc4+ Re6 37. Bd5 1-0

[Event "SR 5. liga SE-SI 2018/2019"]
[Site "?"]
[Date "2018.11.24"]
[Round "3.2"]
[White "Fajtakova, Silvia"]
[Black "Ulehla, Jakub"]
[Result "0-1"]
[WhiteElo "1362"]
[BlackElo "1653"]
[PlyCount "78"]
[EventDate "2018.??.??"]
[WhiteTeam "Å K Å tefanov B"]
[BlackTeam "CVÄŒ Senica C"]

1. e4 c5 2. Nf3 Nc6 3. Nc3 g6 4. Bc4 Bg7 5. Ne2 e6 6. c3 d5 7. exd5 exd5 8. Bb5
a6 9. Bxc6+ bxc6 10. h3 Nf6 11. O-O O-O 12. d4 c4 13. Bg5 Qc7 14. Bf4 Qb6 15.
b3 cxb3 16. axb3 Be6 17. Bd6 Rfd8 18. Bc5 Qc7 19. Ng5 Bc8 20. c4 h6 21. Nf3 Ne4
22. Bb4 a5 23. Ba3 Ba6 24. cxd5 Bxe2 25. d6 Nxd6 26. Qxe2 Nf5 27. Rad1 Nxd4 28.
Nxd4 Rxd4 29. Bb2 Rxd1 30. Rxd1 Bxb2 31. Qxb2 Rd8 32. Re1 c5 33. Qf6 Qb8 34.
Qf3 Qc7 35. Qf6 Kh7 36. f4 Rd7 37. Qe5 Rd6 38. Qe4 Qb6 39. Re3 Rd3 {
nedÃ! sa hra} 0-1

[Event "SR 5. liga SE-SI 2018/2019"]
[Site "?"]
[Date "2018.11.24"]
[Round "3.2"]
[White "Nater, Nikolas"]
[Black "Novomeska, Karin"]
[Result "1/2-1/2"]
[WhiteElo "1279"]
[BlackElo "1203"]
[PlyCount "56"]
[EventDate "2018.??.??"]
[WhiteTeam "CVÄŒ Senica C"]
[BlackTeam "Å K Å tefanov B"]

1. e4 c6 2. Nc3 d5 3. exd5 cxd5 4. Bb5+ Nc6 5. d4 Nf6 6. Nf3 Bg4 7. O-O e6 8.
Qd3 Bf5 9. Qe2 Bd6 10. Bg5 O-O 11. a3 Bg4 12. Qe3 Bxf3 13. Qxf3 Kh8 14. Kh1 Rg8
15. Rg1 Qc7 16. Bh4 Bf4 17. Qd3 Nh5 18. Bg3 Qe7 19. Ne2 Bxg3 20. fxg3 e5 21.
dxe5 Qxe5 22. Bxc6 bxc6 23. g4 Nf4 24. Nxf4 Qxf4 25. Qc3 Rae8 26. Rae1 Re6 27.
g5 Rge8 28. Rxe6 Rxe6 {nejde hra Vg3} 1/2-1/2

[Event "SR 5. liga SE-SI 2018/2019"]
[Site "?"]
[Date "2018.11.24"]
[Round "3.2"]
[White "Tomasovic, Pavol"]
[Black "Oslej, Marek"]
[Result "0-1"]
[WhiteElo "1290"]
[BlackElo "1251"]
[PlyCount "66"]
[EventDate "2018.??.??"]
[WhiteTeam "Å K Å tefanov B"]
[BlackTeam "CVÄŒ Senica C"]

1. e4 e5 2. Nf3 Nc6 3. Bb5 a6 4. Ba4 Nf6 5. O-O Bb4 6. c3 Ba5 7. d4 b5 8. Bb3
d6 9. Bg5 O-O 10. dxe5 dxe5 11. Bd5 Bb7 12. a4 Qd6 13. Na3 Nxd5 14. exd5 Ne7
15. axb5 axb5 16. Nxb5 Qd8 17. d6 cxd6 18. Qxd6 f6 19. Qe6+ Kh8 20. Rfd1 Bd5
21. Qh3 e4 22. c4 exf3 23. Be3 Qb8 24. cxd5 Qxb5 25. d6 Nd5 26. Qxf3 Nxe3 27.
Qxe3 h6 28. d7 Rfd8 29. Qe6 Ra6 30. Qd5 Qb6 31. b4 Bxb4 32. Rxa6 Qxa6 33. h3
Qa5 {Äxas} 0-1

[Event "SR 5. liga SE-SI 2018/2019"]
[Site "?"]
[Date "2018.11.24"]
[Round "3.2"]
[White "Barancik, Filip"]
[Black "Novomesky, Roman"]
[Result "0-1"]
[WhiteElo "1000"]
[BlackElo "1000"]
[PlyCount "124"]
[EventDate "2018.??.??"]
[WhiteTeam "CVÄŒ Senica C"]
[BlackTeam "Å K Å tefanov B"]

1. d4 d5 2. Nf3 e6 3. a3 c5 4. e3 Nf6 5. c4 Nc6 6. Nc3 b6 7. b3 Bd6 8. Nb5 Ne4
9. Bb2 a6 10. Nxd6+ Qxd6 11. Bd3 O-O 12. O-O Re8 13. Qc2 e5 14. Bxe4 dxe4 15.
Qxe4 f6 16. dxe5 fxe5 17. Nxe5 Bd7 18. Rad1 Qe6 19. Rd5 Nxe5 20. Rxe5 Qf7 21.
Rxe8+ Rxe8 22. Qb7 b5 23. Rd1 Bc8 24. Qxf7+ Kxf7 25. cxb5 axb5 26. Rd5 c4 27.
Rxb5 Ba6 28. Rb6 Ra8 29. bxc4 Bxc4 30. Rb7+ Kg6 31. Rxg7+ Kf5 32. Rb7 Rd8 33.
g3 Rd1+ 34. Kg2 Bd5+ 35. Kh3 Bxb7 36. g4+ Kg5 37. f4+ Kg6 38. Kh4 Rh1 39. h3
Bg2 40. Kg3 Bxh3 41. a4 h5 42. gxh5+ Kxh5 43. a5 Bf1 44. e4 Rg1+ 45. Kf2 Rh1
46. e5 Bc4 47. Ke3 Rd1 48. Ke4 Kg4 49. Bd4 Re1+ 50. Be3 Ra1 51. Bd2 Ra2 52. Bc3
Re2+ 53. Kd4 Bb5 54. Kc5 Bd3 55. Kd4 Ba6 56. Kc5 Kxf4 57. Kb6 Bd3 58. a6 Rc2
59. a7 Be4 60. e6 Rxc3 61. e7 Rc8 62. Ka6 Re8 0-1

[Event "SR 5. liga SE-SI 2018/2019"]
[Site "?"]
[Date "2018.11.24"]
[Round "3.2"]
[White "Vozar, Adam"]
[Black "Otepka, Peter"]
[Result "1-0"]
[WhiteElo "1039"]
[BlackElo "1050"]
[PlyCount "97"]
[EventDate "2018.??.??"]
[WhiteTeam "Å K Å tefanov B"]
[BlackTeam "CVÄŒ Senica C"]

1. e4 e5 2. Nf3 Nc6 3. Nc3 Nf6 4. Bb5 Bc5 5. O-O O-O 6. Nxe5 Nxe5 7. d4 Nf3+ 8.
Qxf3 Bxd4 9. Rd1 Be5 10. Bc4 d6 11. Bg5 Be6 12. Bxe6 fxe6 13. Bf4 Bxf4 14. Qxf4
Nh5 15. Qg4 Nf4 16. g3 Ng6 17. Qxe6+ Kh8 18. Rd3 Qe7 19. Qxe7 Nxe7 20. Nd5 Nxd5
21. Rxd5 Rae8 22. Re1 Re6 23. Rb5 b6 24. f4 Rfe8 25. e5 h6 26. Kf2 Rf8 27. exd6
Rxe1 28. Kxe1 cxd6 29. Rd5 g5 30. fxg5 hxg5 31. Rxg5 Re8+ 32. Kd1 Rg8 33. Rxg8+
Kxg8 34. Kd2 Kf7 35. Ke3 Ke6 36. h4 Kf5 37. Kf3 d5 38. g4+ Kg6 39. Kf4 Kf6 40.
h5 Ke6 41. h6 Kf7 42. Kf5 Kg8 43. Kf6 Kh7 44. g5 Kg8 45. g6 Kh8 46. g7+ Kh7 47.
Kf5 Kg8 48. Kg6 a5 49. h7# 1-0

[Event "SR 5. liga SE-SI 2018/2019"]
[Site "?"]
[Date "2018.11.24"]
[Round "3.3"]
[White "Takacs, Zsolt"]
[Black "Harasta, Marian"]
[Result "1-0"]
[WhiteElo "1785"]
[BlackElo "1657"]
[PlyCount "91"]
[EventDate "2018.??.??"]
[WhiteTeam "Å K Nafta Gbely D"]
[BlackTeam "Å K Skalica D"]

1. e4 c5 2. Nf3 Nc6 3. d4 cxd4 4. Nxd4 e5 5. Nb5 a6 6. Nd6+ Bxd6 7. Qxd6 Qe7 8.
Qxe7+ Ngxe7 9. Nc3 Nd4 10. Bd3 d6 11. O-O O-O 12. Be3 Ndc6 13. a3 Be6 14. Rad1
d5 15. exd5 Nxd5 16. Nxd5 Bxd5 17. Bxh7+ Kxh7 18. Rxd5 Rad8 19. Rfd1 f6 20. Bb6
Rxd5 21. Rxd5 Rf7 22. f3 g5 23. Kf2 Kg6 24. Rd6 Rh7 25. h3 Rf7 26. Ke3 Kf5 27.
b4 Ne7 28. g4+ Kg6 29. Rd7 Kg7 30. Ke4 Ng6 31. Rxf7+ Kxf7 32. Bf2 Ke6 33. c4
Nf4 34. h4 gxh4 35. Bxh4 Ne2 36. Be1 Nd4 37. Bd2 Nc2 38. a4 Na3 39. c5 Nc4 40.
Bc3 b6 41. f4 exf4 42. Kxf4 bxc5 43. bxc5 Kd5 44. Bxf6 Kxc5 45. Bd8 Nd6 46. Be7
1-0

[Event "SR 5. liga SE-SI 2018/2019"]
[Site "?"]
[Date "2018.11.24"]
[Round "3.3"]
[White "Drabek, Martin"]
[Black "Ralbovsky, Milan"]
[Result "1-0"]
[WhiteElo "1450"]
[BlackElo "1386"]
[PlyCount "126"]
[EventDate "2018.??.??"]
[WhiteTeam "Å K Skalica D"]
[BlackTeam "Å K Nafta Gbely D"]

1. e4 d5 2. exd5 Qxd5 3. Nc3 Qe5+ 4. Qe2 Qxe2+ 5. Bxe2 b6 6. Nf3 Bb7 7. Bb5+ c6
8. Ba4 Nd7 9. d3 f6 10. O-O O-O-O 11. Bf4 g5 12. Bg3 h5 13. h3 g4 14. hxg4 hxg4
15. Nd4 Nc5 16. Nxc6 Bxc6 17. Bxc6 e5 18. a3 Ne7 19. Be4 Bg7 20. b4 Ne6 21. Ba8
Rh5 22. f3 gxf3 23. Bxf3 Rh6 24. Rad1 Rdh8 25. Ne4 Nf5 26. Rfe1 Ned4 27. Bg4
Kb7 28. c3 Nc2 29. Bxf5 Rh1+ 30. Kf2 Nxe1 31. Rxe1 Rxe1 32. Kxe1 Rh1+ 33. Ke2
Ra1 34. Nd6+ Ka6 35. b5+ Ka5 36. Kf3 Rxa3 37. Nc4+ Ka4 38. Nxa3 Kxa3 39. Ke4
Kb3 40. c4 Kb4 41. Kd5 Ka5 42. Bh4 a6 43. bxa6 Kxa6 44. Ke6 b5 45. cxb5+ Kxb5
46. Bxf6 Bf8 47. Bxe5 Bc5 48. g4 Be3 49. d4 Bg5 50. d5 Kb6 51. Kd7 Kb7 52. d6
Bh4 53. Ke8 Kc6 54. d7 Kd5 55. Bh2 Kc6 56. d8=Q Bf2 57. Qa8+ Kb5 58. Qc8 Bb6
59. Qb8 Ka6 60. Qxb6+ Kxb6 61. g5 Kc5 62. g6 Kd5 63. g7 Kc6 1-0

[Event "SR 5. liga SE-SI 2018/2019"]
[Site "?"]
[Date "2018.11.24"]
[Round "3.3"]
[White "Ralbovsky, Dominik"]
[Black "Krakovsky, Jakub"]
[Result "1/2-1/2"]
[WhiteElo "1089"]
[BlackElo "1231"]
[PlyCount "31"]
[EventDate "2018.??.??"]
[WhiteTeam "Å K Nafta Gbely D"]
[BlackTeam "Å K Skalica D"]

1. d4 d5 2. Nf3 Nc6 3. e3 a6 4. Bd3 Bg4 5. O-O Nf6 6. Nbd2 e5 7. Be2 Bd6 8. c4
e4 9. Ne1 Bxe2 10. Qxe2 Ne7 11. c5 h5 12. cxd6 Qxd6 13. f3 h4 14. Nb3 b6 15.
Bd2 h3 16. g4 1/2-1/2

[Event "SR 5. liga SE-SI 2018/2019"]
[Site "?"]
[Date "2018.11.24"]
[Round "3.3"]
[White "Paksi, Alexander"]
[Black "Lanza, Matej"]
[Result "1/2-1/2"]
[WhiteElo "1000"]
[BlackElo "1215"]
[PlyCount "120"]
[EventDate "2018.??.??"]
[WhiteTeam "Å K Skalica D"]
[BlackTeam "Å K Nafta Gbely D"]

1. e4 e5 2. Nf3 Nc6 3. Bc4 Qe7 4. O-O h6 5. d3 Nf6 6. Be3 d6 7. Nc3 Be6 8. Bxe6
Qxe6 9. d4 exd4 10. Nxd4 Nxd4 11. Bxd4 Ng4 12. h3 Ne5 13. Nd5 O-O-O 14. Bxa7
Nc6 15. Be3 Qxe4 16. Qd3 Qe5 17. c3 g6 18. Bd4 Nxd4 19. Qxd4 c6 20. Qxe5 dxe5
21. Nb6+ Kc7 22. Nc4 Bd6 23. Nxd6 Rxd6 24. Rad1 Rhd8 25. Rxd6 Rxd6 26. Re1 f6
27. g4 g5 28. Kg2 Rd3 29. f3 Rd2+ 30. Kg3 Rxb2 31. h4 gxh4+ 32. Kxh4 Rh2+ 33.
Kg3 Rxa2 34. Rh1 Ra8 35. Rxh6 Rf8 36. Rh7+ Kb8 37. Kh4 c5 38. Kh5 b5 39. Rd7
Rh8+ 40. Kg6 Rf8 41. Rd6 c4 42. Rb6+ Ka7 43. Rxb5 Rc8 44. Kxf6 Ka6 45. Rxe5
Rf8+ 46. Kg6 Rxf3 47. g5 Rxc3 48. Re6+ Kb5 49. Kg7 Rc1 50. g6 c3 51. Re5+ Kc4
52. Kg8 c2 53. Rf5 Kb3 54. g7 Rg1 55. Rb5+ Kc3 56. Rb8 Kd2 57. Rd8+ Kc3 58.
Rc8+ Kb2 59. Rb8+ Kc3 60. Rc8+ Kd3 1/2-1/2

[Event "SR 5. liga SE-SI 2018/2019"]
[Site "?"]
[Date "2018.11.24"]
[Round "3.4"]
[White "Sladek, Michal"]
[Black "Visvader, Kristof"]
[Result "0-1"]
[WhiteElo "1376"]
[BlackElo "1320"]
[PlyCount "58"]
[EventDate "2018.??.??"]
[WhiteTeam "Å achovÃ½ klub HolÃ­Ä� C"]
[BlackTeam "Interchess ZÅ  BorskÃ½ MikulÃ¡Å¡"]

1. e4 e5 2. Nf3 Nc6 3. Bc4 Be7 4. d3 Nf6 5. Nc3 d6 6. h3 O-O 7. Bg5 Na5 8. O-O
Nxc4 9. dxc4 Be6 10. b3 Nd7 11. Qd2 f5 12. Rae1 f4 13. Bxe7 Qxe7 14. Nd5 Qd8
15. Qa5 Nb6 16. Rd1 Nxd5 17. cxd5 Bd7 18. Rd3 Rf6 19. Ng5 Rg6 20. Nf3 Bxh3 21.
Ne1 Bd7 22. f3 Rh6 23. c4 b6 24. Qd2 Qh4 25. a3 Rf8 26. Qc2 Rff6 27. Rd2 Rh5
28. Nd3 Rfh6 29. Nb4 Qg3 0-1